[Event "Greek Team Championship"]
[Site "chess24.com"]
[Date "2017.07.06"]
[Round "5"]
[White "Petraki, Evaggelia"]
[Black "Kouta, Vasiliki"]
[Result "1-0"]
[Board "6"]
[WhiteElo "1939"]
[WhiteCountry "GRE"]
[WhiteFideId "4252756"]
[WhiteEloChange "2"]
[BlackElo "1422"]
[BlackCountry "GRE"]
[BlackFideId "4241576"]
[BlackEloChange "-2"]

1. c4 {[%clk 1:30:58]} Nf6 {[%clk 1:28:46]} 2. Nc3 {[%clk 1:31:19]} g6 {[%clk
1:26:36]} 3. g3 {[%clk 1:31:30]} Bg7 {[%clk 1:21:28]} 4. Bg2 {[%clk 1:31:44]} d6
{[%clk 1:21:04]} 5. d3 {[%clk 1:31:51]} O-O {[%clk 1:15:42]} 6. Nf3 {[%clk
1:31:41]} c5 {[%clk 1:14:26]} 7. O-O {[%clk 1:29:57]} Nc6 {[%clk 1:13:42]} 8. Bd2
{[%clk 1:26:23]} Bd7 {[%clk 1:12:13]} 9. Rb1 {[%clk 1:26:38]} a6 {[%clk 1:08:17]}
10. a3 {[%clk 1:26:46]} b5 {[%clk 0:55:58]} 11. cxb5 {[%clk 1:26:24]} axb5 {[%clk
0:56:08]} 12. Nxb5 {[%clk 1:26:17]} Qb6 {[%clk 0:56:20]} 13. Nc3 {[%clk 1:21:52]}
Rfb8 {[%clk 0:52:21]} 14. Bg5 {[%clk 1:16:25]} Qb3 {[%clk 0:46:46]} 15. Qxb3
{[%clk 1:15:30]} Rxb3 {[%clk 0:47:14]} 16. Nd2 {[%clk 1:15:55]} Rb6 {[%clk
0:44:38]} 17. Bxf6 {[%clk 1:15:29]} exf6 {[%clk 0:36:06]} 18. Nd5 {[%clk
1:14:05]} Rbb8 {[%clk 0:35:18]} 19. Ne4 {[%clk 1:14:05]} Be6 {[%clk 0:21:59]} 20.
Nc7 {[%clk 0:52:10]} Ra7 {[%clk 0:20:31]} 21. Nxe6 {[%clk 0:52:32]} fxe6 {[%clk
0:20:53]} 22. Nxd6 {[%clk 0:52:51]} Nd8 {[%clk 0:19:57]} 23. Rfc1 {[%clk
0:50:29]} f5 {[%clk 0:18:29]} 24. b4 {[%clk 0:47:39]} cxb4 {[%clk 0:17:35]} 25.
axb4 {[%clk 0:46:51]} Bf8 {[%clk 0:17:39]} 26. Nc8 {[%clk 0:44:43]} Ra2 {[%clk
0:16:34]} 27. b5 {[%clk 0:43:15]} Bg7 {[%clk 0:14:33]} 28. Ne7+ {[%clk 0:40:51]}
Kf7 {[%clk 0:14:36]} 29. Nc6 {[%clk 0:41:12]} Nxc6 {[%clk 0:14:24]} 30. Rxc6
{[%clk 0:38:25]} Rxe2 {[%clk 0:13:42]} 31. Rc7+ {[%clk 0:37:39]} Kf8 {[%clk
0:13:42]} 32. b6 {[%clk 0:32:49]} Be5 {[%clk 0:13:34]} 33. Rxh7 {[%clk 0:33:01]}
Kg8 {[%clk 0:12:33]} 34. Rd7 {[%clk 0:32:41]} Rd2 {[%clk 0:11:35]} 35. f4 {[%clk
0:28:28]} Rb2 {[%clk 0:10:38]} 36. Rxb2 {[%clk 0:28:37]} Bxb2 {[%clk 0:11:07]}
37. b7 {[%clk 0:28:56]} 1-0

[Event "Greek Team Championship"]
[Site "chess24.com"]
[Date "2017.07.06"]
[Round "5"]
[White "Kouta, Antonia"]
[Black "Petraki, Argiro"]
[Result "1-0"]
[Board "7"]
[WhiteElo "1719"]
[WhiteCountry "GRE"]
[WhiteFideId "4277112"]
[WhiteEloChange "8"]
[BlackElo "1633"]
[BlackCountry "GRE"]
[BlackFideId "4252748"]
[BlackEloChange "-8"]

1. e4 {[%clk 1:29:41]} c6 {[%clk 1:30:46]} 2. d4 {[%clk 1:30:06]} g6 {[%clk
1:31:09]} 3. Nf3 {[%clk 1:30:02]} d5 {[%clk 1:31:26]} 4. e5 {[%clk 1:26:08]} h5
{[%clk 1:27:26]} 5. Ng5 {[%clk 1:19:31]} Nh6 {[%clk 1:22:35]} 6. Bd3 {[%clk
1:16:22]} Nf5 {[%clk 1:19:38]} 7. c3 {[%clk 1:15:38]} Na6 {[%clk 1:03:50]} 8. Na3
{[%clk 1:04:18]} Nc7 {[%clk 1:00:21]} 9. Nc2 {[%clk 1:01:02]} Bg7 {[%clk
0:47:46]} 10. Ne3 {[%clk 0:53:17]} Nxe3 {[%clk 0:48:03]} 11. fxe3 {[%clk
0:42:03]} Bg4 {[%clk 0:43:36]} 12. Qc2 {[%clk 0:30:27]} Bh6 {[%clk 0:35:18]} 13.
e4 {[%clk 0:27:05]} f6 {[%clk 0:29:26]} 14. Nf3 {[%clk 0:23:19]} Bxc1 {[%clk
0:23:38]} 15. Qxc1 {[%clk 0:22:13]} Rg8 {[%clk 0:17:26]} 16. exf6 {[%clk
0:19:10]} exf6 {[%clk 0:17:38]} 17. Qe3 {[%clk 0:18:56]} Qe7 {[%clk 0:16:31]} 18.
O-O-O {[%clk 0:17:49]} O-O-O {[%clk 0:16:38]} 19. Rde1 {[%clk 0:17:21]} dxe4
{[%clk 0:13:44]} 20. Bxe4 {[%clk 0:15:31]} Qf7 {[%clk 0:11:54]} 21. Kb1 {[%clk
0:14:08]} f5 {[%clk 0:08:58]} 22. Bc2 {[%clk 0:13:28]} f4 {[%clk 0:09:10]} 23.
Qe7 {[%clk 0:09:28]} Qxe7 {[%clk 0:09:17]} 24. Rxe7 {[%clk 0:09:56]} Nd5 {[%clk
0:09:36]} 25. Re5 {[%clk 0:09:35]} Ne3 {[%clk 0:08:15]} 26. Nh4 {[%clk 0:08:27]}
g5 {[%clk 0:03:18]} 27. Ng6 {[%clk 0:05:43]} Kb8 {[%clk 0:02:23]} 28. h3 {[%clk
0:04:52]} Bd1 {[%clk 0:02:12]} 29. Bxd1 {[%clk 0:02:31]} Nxd1 {[%clk 0:02:00]}
30. Rxd1 {[%clk 0:02:10]} Rxg6 {[%clk 0:02:27]} 31. Rde1 {[%clk 0:01:54]} Kc7
{[%clk 0:02:27]} 32. Re7+ {[%clk 0:01:33]} Rd7 {[%clk 0:02:04]} 33. R1e5 {[%clk
0:01:10]} Kd6 {[%clk 0:01:41]} 34. Rxd7+ {[%clk 0:01:03]} Kxd7 {[%clk 0:02:08]}
35. Kc2 {[%clk 0:01:15]} Kd6 {[%clk 0:01:40]} 36. Kd3 {[%clk 0:01:18]} h4 {[%clk
0:01:07]} 37. Ke4 {[%clk 0:01:30]} Rg8 {[%clk 0:01:00]} 38. Kf5 {[%clk 0:01:12]}
Rf8+ {[%clk 0:01:03]} 39. Kg4 {[%clk 0:00:41]} f3 {[%clk 0:01:00]} 40. gxf3
{[%clk 0:31:02]} Rf4+ {[%clk 0:31:14]} 41. Kxg5 {[%clk 0:30:54]} Rxf3 {[%clk
0:31:05]} 42. Kxh4 {[%clk 0:30:04]} Rf2 {[%clk 0:31:09]} 43. Ra5 {[%clk 0:29:17]}
a6 {[%clk 0:28:18]} 44. b4 {[%clk 0:25:52]} Rc2 {[%clk 0:26:21]} 45. Ra3 {[%clk
0:25:16]} Ke6 {[%clk 0:24:28]} 46. Kg4 {[%clk 0:23:28]} Rg2+ {[%clk 0:23:37]} 47.
Kf4 {[%clk 0:22:03]} Rf2+ {[%clk 0:23:09]} 48. Kg3 {[%clk 0:21:26]} Rc2 {[%clk
0:23:34]} 49. h4 {[%clk 0:20:05]} Kf6 {[%clk 0:22:13]} 50. Kg4 {[%clk 0:18:45]}
Rg2+ {[%clk 0:21:14]} 51. Kh5 {[%clk 0:17:22]} Rc2 {[%clk 0:19:36]} 52. Ra5
{[%clk 0:15:20]} Kg7 {[%clk 0:18:11]} 53. Rg5+ {[%clk 0:12:29]} Kh7 {[%clk
0:16:55]} 54. Re5 {[%clk 0:12:25]} Rxc3 {[%clk 0:16:05]} 55. Re7+ {[%clk
0:12:33]} Kg8 {[%clk 0:16:29]} 56. Rxb7 {[%clk 0:12:39]} Rc4 {[%clk 0:14:36]} 57.
Rb6 {[%clk 0:08:15]} Rxd4 {[%clk 0:14:17]} 58. Rxc6 {[%clk 0:08:38]} Rxb4 {[%clk
0:14:42]} 59. Rxa6 {[%clk 0:09:01]} Rb2 {[%clk 0:11:59]} 60. a4 {[%clk 0:08:34]}
Ra2 {[%clk 0:11:48]} 61. Ra5 {[%clk 0:07:20]} Ra1 {[%clk 0:11:31]} 62. Kg6 {[%clk
0:07:33]} Rg1+ {[%clk 0:10:56]} 63. Rg5 {[%clk 0:07:34]} Ra1 {[%clk 0:11:23]} 64.
a5 {[%clk 0:07:52]} Rc1 {[%clk 0:10:29]} 65. Rf5 {[%clk 0:07:01]} Rg1+ {[%clk
0:10:16]} 66. Kf6 {[%clk 0:06:12]} Ra1 {[%clk 0:10:15]} 67. h5 {[%clk 0:06:23]}
Rc1 {[%clk 0:05:48]} 68. Kg6 {[%clk 0:06:01]} Rg1+ {[%clk 0:05:57]} 69. Rg5
{[%clk 0:05:06]} Rc1 {[%clk 0:06:07]} 70. Kh6+ {[%clk 0:05:15]} Kh8 {[%clk
0:06:18]} 71. a6 {[%clk 0:05:15]} Ra1 {[%clk 0:04:21]} 72. Rg6 {[%clk 0:04:54]}
Ra2 {[%clk 0:04:06]} 73. Rb6 {[%clk 0:04:57]} Kg8 {[%clk 0:04:25]} 74. Rb8+
{[%clk 0:05:11]} Kf7 {[%clk 0:04:51]} 75. Rb7+ {[%clk 0:05:14]} Kf6 {[%clk
0:05:15]} 76. Rb6+ {[%clk 0:04:18]} Kf7 {[%clk 0:05:40]} 77. Rg6 {[%clk 0:04:14]}
Ra5 {[%clk 0:05:30]} 78. a7 {[%clk 0:03:25]} Kf8 {[%clk 0:05:53]} 79. Rg7 {[%clk
0:03:30]} 1-0

[Event "Greek Team Championship"]
[Site "chess24.com"]
[Date "2017.07.06"]
[Round "5"]
[White "Fidrilakis, Stavros"]
[Black "Kalodoukas, Odysseas"]
[Result "0-1"]
[Board "8"]
[WhiteElo "1929"]
[WhiteCountry "GRE"]
[WhiteFideId "4277821"]
[WhiteEloChange "-6"]
[BlackElo "2069"]
[BlackCountry "GRE"]
[BlackFideId "4266110"]
[BlackEloChange "6"]

1. Nf3 {[%clk 1:28:22]} Nf6 {[%clk 1:30:44]} 2. d4 {[%clk 1:28:23]} d5 {[%clk
1:30:58]} 3. c4 {[%clk 1:28:30]} c6 {[%clk 1:29:02]} 4. g3 {[%clk 1:27:15]} Bf5
{[%clk 1:29:06]} 5. Bg2 {[%clk 1:27:27]} e6 {[%clk 1:29:23]} 6. O-O {[%clk
1:27:43]} Nbd7 {[%clk 1:28:50]} 7. b3 {[%clk 1:27:18]} h6 {[%clk 1:28:58]} 8. Bb2
{[%clk 1:27:16]} Be7 {[%clk 1:29:10]} 9. Nc3 {[%clk 1:26:44]} O-O {[%clk
1:29:20]} 10. Nd2 {[%clk 1:26:16]} Qb6 {[%clk 1:28:16]} 11. e4 {[%clk 1:22:02]}
dxe4 {[%clk 1:28:35]} 12. Ncxe4 {[%clk 1:21:54]} Nxe4 {[%clk 1:28:52]} 13. Nxe4
{[%clk 1:22:10]} Nf6 {[%clk 1:29:07]} 14. Qe2 {[%clk 1:19:19]} Nxe4 {[%clk
1:29:27]} 15. Bxe4 {[%clk 1:19:45]} Bxe4 {[%clk 1:29:51]} 16. Qxe4 {[%clk
1:20:11]} Bf6 {[%clk 1:30:06]} 17. Rad1 {[%clk 1:18:01]} a5 {[%clk 1:27:56]} 18.
Rd3 {[%clk 1:14:01]} Rfd8 {[%clk 1:26:22]} 19. a4 {[%clk 0:58:01]} Rd7 {[%clk
1:23:31]} 20. Rfd1 {[%clk 0:44:04]} Rad8 {[%clk 1:23:00]} 21. c5 {[%clk 0:36:25]}
Qc7 {[%clk 1:16:38]} 22. Bc3 {[%clk 0:26:28]} Rd5 {[%clk 1:15:24]} 23. Qe1 {[%clk
0:25:04]} Ra8 {[%clk 1:15:08]} 24. Rf3 {[%clk 0:23:36]} Qd7 {[%clk 1:10:30]} 25.
Qe4 {[%clk 0:12:38]} e5 {[%clk 1:06:24]} 26. Qf5 {[%clk 0:09:02]} exd4 {[%clk
1:03:30]} 27. Qxd7 {[%clk 0:09:19]} Rxd7 {[%clk 1:03:52]} 28. Rfd3 {[%clk
0:06:42]} Rd5 {[%clk 1:03:57]} 29. Bb2 {[%clk 0:06:18]} Rad8 {[%clk 1:01:08]} 30.
R3d2 {[%clk 0:02:20]} g6 {[%clk 0:36:18]} 31. Kg2 {[%clk 0:02:31]} Rxc5 {[%clk
0:35:23]} 32. Bxd4 {[%clk 0:02:49]} Bxd4 {[%clk 0:35:47]} 33. Rxd4 {[%clk
0:03:12]} Rcd5 {[%clk 0:35:54]} 34. Rxd5 {[%clk 0:02:42]} Rxd5 {[%clk 0:35:51]}
35. Rc1 {[%clk 0:02:20]} Rd3 {[%clk 0:35:38]} 36. Rc5 {[%clk 0:02:15]} Rd5 {[%clk
0:32:53]} 37. Rc3 {[%clk 0:02:29]} Kg7 {[%clk 0:32:18]} 38. h4 {[%clk 0:02:29]}
Kf6 {[%clk 0:32:00]} 39. Kf3 {[%clk 0:02:22]} Ke5 {[%clk 0:31:30]} 40. Ke3 {[%clk
0:32:20]} c5 {[%clk 1:00:58]} 41. f4+ {[%clk 0:29:40]} Kd6 {[%clk 1:01:16]} 42.
g4 {[%clk 0:25:54]} b6 {[%clk 1:00:36]} 43. Rc4 {[%clk 0:25:05]} Rd1 {[%clk
0:59:32]} 44. g5 {[%clk 0:22:10]} h5 {[%clk 0:58:08]} 45. Ke4 {[%clk 0:18:19]}
Ke6 {[%clk 0:57:03]} 46. Rc3 {[%clk 0:17:08]} Rd4+ {[%clk 0:57:09]} 47. Kf3
{[%clk 0:16:01]} Kf5 {[%clk 0:56:42]} 48. Re3 {[%clk 0:15:30]} Rxf4+ {[%clk
0:56:59]} 49. Kg3 {[%clk 0:15:55]} Rg4+ {[%clk 0:55:37]} 50. Kh3 {[%clk 0:16:15]}
Re4 {[%clk 0:42:55]} 51. Rf3+ {[%clk 0:16:19]} Rf4 {[%clk 0:43:19]} 52. Re3
{[%clk 0:14:44]} f6 {[%clk 0:43:26]} 53. gxf6 {[%clk 0:13:37]} Kxf6 {[%clk
0:43:50]} 54. Kg3 {[%clk 0:13:33]} Rg4+ {[%clk 0:43:53]} 55. Kh3 {[%clk 0:13:57]}
Kf5 {[%clk 0:42:15]} 56. Re8 {[%clk 0:12:04]} Rb4 {[%clk 0:33:00]} 57. Re3 {[%clk
0:11:20]} Rg4 {[%clk 0:26:23]} 58. Re8 {[%clk 0:11:17]} c4 {[%clk 0:26:08]} 59.
Rf8+ {[%clk 0:11:00]} Ke5 {[%clk 0:26:02]} 60. bxc4 {[%clk 0:11:23]} Rxc4 {[%clk
0:26:21]} 61. Rb8 {[%clk 0:11:21]} Rb4 {[%clk 0:25:31]} 62. Kg3 {[%clk 0:11:31]}
Kf6 {[%clk 0:23:36]} 63. Rc8 {[%clk 0:10:18]} Rxa4 {[%clk 0:21:05]} 64. Rc6+
{[%clk 0:10:42]} Kf5 {[%clk 0:21:29]} 65. Rxb6 {[%clk 0:11:08]} Rg4+ {[%clk
0:21:34]} 66. Kh3 {[%clk 0:09:12]} a4 {[%clk 0:21:55]} 67. Rd6 {[%clk 0:08:39]}
Ke5 {[%clk 0:20:38]} 68. Rd8 {[%clk 0:08:58]} Ke6 {[%clk 0:20:56]} 69. Rd3 {[%clk
0:07:38]} Rb4 {[%clk 0:20:54]} 70. Rd8 {[%clk 0:07:58]} a3 {[%clk 0:19:54]} 71.
Ra8 {[%clk 0:08:17]} Rb3+ {[%clk 0:20:17]} 72. Kg2 {[%clk 0:08:43]} Kd5 {[%clk
0:17:24]} 73. Ra4 {[%clk 0:08:56]} Kc5 {[%clk 0:17:18]} 74. Kf2 {[%clk 0:09:01]}
Kb5 {[%clk 0:17:26]} 75. Ra8 {[%clk 0:09:20]} Kb4 {[%clk 0:17:26]} 76. Kg2 {[%clk
0:08:25]} Kc3 {[%clk 0:17:35]} 0-1

[Event "Greek Team Championship"]
[Site "chess24.com"]
[Date "2017.07.06"]
[Round "5"]
[White "Spyropoulos, Nikolaos"]
[Black "Petrakis, Stylianos"]
[Result "1-0"]
[Board "9"]
[WhiteElo "2229"]
[WhiteCountry "GRE"]
[WhiteFideId "4298977"]
[WhiteEloChange "4"]
[BlackElo "1977"]
[BlackCountry "GRE"]
[BlackFideId "4252764"]
[BlackEloChange "-4"]

1. d4 {[%clk 1:30:22]} Nf6 {[%clk 1:28:49]} 2. c4 {[%clk 1:30:46]} g6 {[%clk
1:29:11]} 3. Nc3 {[%clk 1:31:11]} Bg7 {[%clk 1:29:34]} 4. e4 {[%clk 1:31:29]} d6
{[%clk 1:29:36]} 5. h3 {[%clk 1:31:45]} O-O {[%clk 1:28:16]} 6. Be3 {[%clk
1:31:45]} e5 {[%clk 1:22:40]} 7. d5 {[%clk 1:30:37]} a5 {[%clk 1:16:07]} 8. Bd3
{[%clk 1:12:17]} Qe8 {[%clk 1:12:27]} 9. g4 {[%clk 1:04:21]} Na6 {[%clk 1:05:30]}
10. Nge2 {[%clk 1:02:12]} Nd7 {[%clk 0:55:40]} 11. Ng3 {[%clk 0:59:26]} Ndc5
{[%clk 0:55:15]} 12. Be2 {[%clk 0:54:51]} Bd7 {[%clk 0:52:36]} 13. Qd2 {[%clk
0:52:52]} b6 {[%clk 0:40:08]} 14. O-O {[%clk 0:40:48]} Qe7 {[%clk 0:27:55]} 15.
Kg2 {[%clk 0:33:09]} h5 {[%clk 0:15:37]} 16. Bg5 {[%clk 0:14:36]} f6 {[%clk
0:15:12]} 17. Be3 {[%clk 0:14:32]} h4 {[%clk 0:15:08]} 18. Nh1 {[%clk 0:14:56]}
Kh7 {[%clk 0:14:50]} 19. f3 {[%clk 0:14:26]} f5 {[%clk 0:12:40]} 20. Kh2 {[%clk
0:10:51]} f4 {[%clk 0:10:08]} 21. Bg1 {[%clk 0:10:58]} g5 {[%clk 0:10:26]} 22.
Nf2 {[%clk 0:11:14]} Rfb8 {[%clk 0:09:12]} 23. Rfb1 {[%clk 0:10:54]} Rb7 {[%clk
0:08:13]} 24. b3 {[%clk 0:10:29]} Bf6 {[%clk 0:07:20]} 25. Nfd1 {[%clk 0:09:55]}
Be8 {[%clk 0:04:55]} 26. Bf2 {[%clk 0:06:41]} Rba7 {[%clk 0:04:32]} 27. Be1
{[%clk 0:05:49]} Nb4 {[%clk 0:03:55]} 28. a3 {[%clk 0:04:57]} Nba6 {[%clk
0:04:07]} 29. b4 {[%clk 0:03:23]} Nb7 {[%clk 0:04:25]} 30. Ra2 {[%clk 0:02:43]}
Nb8 {[%clk 0:04:13]} 31. Rba1 {[%clk 0:02:52]} Qd8 {[%clk 0:03:33]} 32. Nf2
{[%clk 0:02:51]} Na6 {[%clk 0:03:27]} 33. Nd3 {[%clk 0:02:38]} Be7 {[%clk
0:02:49]} 34. Bf2 {[%clk 0:02:54]} Rc8 {[%clk 0:02:19]} 35. Qb2 {[%clk 0:02:43]}
Raa8 {[%clk 0:02:31]} 36. Nb1 {[%clk 0:01:49]} Nb8 {[%clk 0:01:58]} 37. Nd2
{[%clk 0:01:48]} Nd7 {[%clk 0:00:57]} 38. Nb3 {[%clk 0:01:25]} Rcb8 {[%clk
0:01:06]} 39. Qc2 {[%clk 0:01:13]} Bg6 {[%clk 0:00:43]} 40. Be1 {[%clk 0:30:41]}
Qf8 {[%clk 0:30:42]} 41. Nf2 {[%clk 0:29:01]} Ra7 {[%clk 0:27:03]} 42. Nd1 {[%clk
0:29:13]} Qd8 {[%clk 0:26:43]} 43. Nc3 {[%clk 0:29:31]} Raa8 {[%clk 0:26:34]} 44.
Nb5 {[%clk 0:29:06]} Be8 {[%clk 0:25:24]} 45. Bc3 {[%clk 0:27:18]} Nf6 {[%clk
0:16:51]} 46. bxa5 {[%clk 0:26:15]} Bxb5 {[%clk 0:13:04]} 47. cxb5 {[%clk
0:26:37]} Nxa5 {[%clk 0:13:04]} 48. Nxa5 {[%clk 0:26:04]} bxa5 {[%clk 0:13:17]}
49. a4 {[%clk 0:22:05]} Ra7 {[%clk 0:12:50]} 50. Rc1 {[%clk 0:21:46]} Nd7 {[%clk
0:12:38]} 51. Be1 {[%clk 0:21:17]} Nb6 {[%clk 0:12:27]} 52. Qb3 {[%clk 0:21:23]}
Qd7 {[%clk 0:12:35]} 53. Rac2 {[%clk 0:21:29]} Bd8 {[%clk 0:12:41]} 54. Bd1
{[%clk 0:21:26]} Kg7 {[%clk 0:10:53]} 55. Rc6 {[%clk 0:21:34]} Kf8 {[%clk
0:10:41]} 56. Qa3 {[%clk 0:20:31]} Kf7 {[%clk 0:10:31]} 57. Bb3 {[%clk 0:20:39]}
Kg7 {[%clk 0:10:04]} 58. Bc3 {[%clk 0:20:32]} Bf6 {[%clk 0:09:39]} 59. Qb2 {[%clk
0:20:47]} Kf8 {[%clk 0:07:07]} 60. Qd2 {[%clk 0:20:44]} Rba8 {[%clk 0:06:25]} 61.
Qc2 {[%clk 0:20:30]} Bd8 {[%clk 0:06:26]} 62. Bb2 {[%clk 0:18:40]} Qe7 {[%clk
0:06:00]} 63. Ba3 {[%clk 0:18:45]} Kg7 {[%clk 0:06:14]} 64. Qf2 {[%clk 0:18:31]}
Rb8 {[%clk 0:06:28]} 65. Bb2 {[%clk 0:16:41]} Kh7 {[%clk 0:06:33]} 66. Bc3 {[%clk
0:16:57]} Kg8 {[%clk 0:06:23]} 67. Qd2 {[%clk 0:16:33]} Rba8 {[%clk 0:06:48]} 68.
Qb2 {[%clk 0:16:55]} Rb7 {[%clk 0:07:06]} 69. Bxe5 {[%clk 0:14:05]} Qxe5 {[%clk
0:06:47]} 70. Qxe5 {[%clk 0:14:28]} dxe5 {[%clk 0:07:13]} 71. d6+ {[%clk
0:14:52]} Kg7 {[%clk 0:04:32]} 72. dxc7 {[%clk 0:15:13]} Be7 {[%clk 0:04:27]} 73.
Re6 {[%clk 0:08:27]} Ba3 {[%clk 0:03:28]} 74. Rcc6 {[%clk 0:08:05]} Rc8 {[%clk
0:01:39]} 75. Rg6+ {[%clk 0:05:12]} Kh7 {[%clk 0:01:49]} 76. Rh6+ {[%clk
0:04:29]} Kg7 {[%clk 0:02:12]} 77. Rcg6+ {[%clk 0:04:22]} Kf8 {[%clk 0:02:21]}
78. Rh8+ {[%clk 0:01:44]} Ke7 {[%clk 0:02:47]} 79. Rh7+ {[%clk 0:02:06]} Ke8
{[%clk 0:02:29]} 80. Bf7+ {[%clk 0:02:01]} Kf8 {[%clk 0:02:12]} 81. Be6 {[%clk
0:02:15]} 1-0

[Event "Greek Team Championship"]
[Site "chess24.com"]
[Date "2017.07.06"]
[Round "5"]
[White "Tzagarakis, Panagiotis"]
[Black "Simitzoglou, Panagiotis"]
[Result "1-0"]
[Board "10"]
[WhiteElo "1608"]
[WhiteCountry "GRE"]
[WhiteFideId "25806009"]
[WhiteEloChange "6"]
[BlackElo "1445"]
[BlackCountry "GRE"]
[BlackFideId "4299990"]
[BlackEloChange "-6"]

1. e4 {[%clk 1:30:54]} e6 {[%clk 1:30:57]} 2. d3 {[%clk 1:31:20]} c5 {[%clk
1:31:18]} 3. Nf3 {[%clk 1:31:41]} Nc6 {[%clk 1:31:36]} 4. g3 {[%clk 1:31:49]} g6
{[%clk 1:31:39]} 5. Bg2 {[%clk 1:31:23]} Bg7 {[%clk 1:31:43]} 6. O-O {[%clk
1:31:29]} Nge7 {[%clk 1:32:00]} 7. Re1 {[%clk 1:31:06]} e5 {[%clk 1:31:47]} 8.
Be3 {[%clk 1:26:31]} d6 {[%clk 1:31:11]} 9. c4 {[%clk 1:25:31]} O-O {[%clk
1:29:57]} 10. Nc3 {[%clk 1:24:10]} f5 {[%clk 1:28:52]} 11. Qd2 {[%clk 1:17:27]}
a6 {[%clk 1:27:09]} 12. Rab1 {[%clk 1:12:41]} Rb8 {[%clk 1:26:32]} 13. Kh1 {[%clk
1:06:02]} Qe8 {[%clk 1:21:26]} 14. Ng1 {[%clk 1:04:37]} Nd4 {[%clk 1:17:51]} 15.
f4 {[%clk 1:03:20]} Nec6 {[%clk 1:16:19]} 16. Nd5 {[%clk 1:02:17]} fxe4 {[%clk
1:11:50]} 17. Bxe4 {[%clk 1:00:05]} Bf5 {[%clk 1:09:49]} 18. Bg2 {[%clk 0:56:54]}
Qd7 {[%clk 1:07:01]} 19. Ne2 {[%clk 0:48:15]} Nxe2 {[%clk 1:05:11]} 20. Rxe2
{[%clk 0:45:25]} Rbe8 {[%clk 1:04:24]} 21. Rbe1 {[%clk 0:43:34]} Bg4 {[%clk
1:02:57]} 22. Rf2 {[%clk 0:43:48]} Nd4 {[%clk 0:59:52]} 23. Bxd4 {[%clk 0:40:54]}
exd4 {[%clk 1:00:08]} 24. Rff1 {[%clk 0:40:03]} Bf5 {[%clk 0:58:06]} 25. Be4
{[%clk 0:32:33]} Be6 {[%clk 0:55:35]} 26. Rf2 {[%clk 0:30:26]} Bxd5 {[%clk
0:55:28]} 27. Bxd5+ {[%clk 0:30:46]} Kh8 {[%clk 0:55:49]} 28. Be4 {[%clk
0:30:57]} Re7 {[%clk 0:55:42]} 29. Kg2 {[%clk 0:30:32]} b6 {[%clk 0:54:07]} 30.
h4 {[%clk 0:30:20]} Rf6 {[%clk 0:52:39]} 31. Rh1 {[%clk 0:29:49]} h5 {[%clk
0:49:50]} 32. Rhf1 {[%clk 0:27:06]} Ref7 {[%clk 0:49:25]} 33. Rf3 {[%clk
0:25:11]} Bh6 {[%clk 0:48:48]} 34. Qf2 {[%clk 0:24:37]} a5 {[%clk 0:48:33]} 35.
Kh2 {[%clk 0:23:56]} Rf8 {[%clk 0:47:13]} 36. Qg2 {[%clk 0:22:52]} Qc8 {[%clk
0:45:33]} 37. Qh3 {[%clk 0:22:04]} Qxh3+ {[%clk 0:45:16]} 38. Kxh3 {[%clk
0:22:30]} Kg7 {[%clk 0:45:09]} 39. Kg2 {[%clk 0:22:34]} R8f7 {[%clk 0:44:31]} 40.
Kf2 {[%clk 0:52:42]} Kf8 {[%clk 1:14:52]} 41. Ke2 {[%clk 0:53:04]} Ke7 {[%clk
1:15:12]} 42. Kd1 {[%clk 0:52:43]} Kd7 {[%clk 1:15:13]} 43. Kc2 {[%clk 0:53:04]}
Kc7 {[%clk 1:14:52]} 44. Kb3 {[%clk 0:53:26]} Rf8 {[%clk 1:15:03]} 45. Ka4 {[%clk
0:52:57]} R8f7 {[%clk 1:13:26]} 46. a3 {[%clk 0:52:42]} Bg7 {[%clk 1:13:39]} 47.
Ra1 {[%clk 0:51:51]} Bf8 {[%clk 1:13:03]} 48. Ra2 {[%clk 0:51:28]} Be7 {[%clk
1:12:37]} 49. Rf1 {[%clk 0:51:03]} Kd7 {[%clk 1:12:20]} 50. Kb5 {[%clk 0:50:25]}
Bd8 {[%clk 1:10:56]} 51. b4 {[%clk 0:47:52]} Ke8 {[%clk 1:10:25]} 52. Raf2 {[%clk
0:47:36]} Kf8 {[%clk 1:08:20]} 53. Rb1 {[%clk 0:43:32]} axb4 {[%clk 1:08:20]} 54.
axb4 {[%clk 0:43:31]} Ra7 {[%clk 1:08:34]} 55. Rbb2 {[%clk 0:43:18]} Kg7 {[%clk
1:07:49]} 56. Ra2 {[%clk 0:43:24]} Rff7 {[%clk 1:08:00]} 57. bxc5 {[%clk
0:42:50]} dxc5 {[%clk 1:08:14]} 58. Ra6 {[%clk 0:43:06]} Rxa6 {[%clk 1:08:01]}
59. Kxa6 {[%clk 0:43:30]} Kf8 {[%clk 1:06:57]} 60. Bxg6 {[%clk 0:43:23]} Rg7
{[%clk 1:07:22]} 61. f5 {[%clk 0:43:20]} Bc7 {[%clk 1:06:54]} 62. Rf3 {[%clk
0:43:09]} Re7 {[%clk 1:06:22]} 63. Bxh5 {[%clk 0:41:49]} Re3 {[%clk 1:06:37]} 64.
Kb7 {[%clk 0:40:59]} Bxg3 {[%clk 1:06:56]} 65. Kxb6 {[%clk 0:41:16]} Rxf3 {[%clk
1:06:41]} 66. Bxf3 {[%clk 0:41:40]} Bxh4 {[%clk 1:07:08]} 67. Kxc5 {[%clk
0:42:05]} Bf6 {[%clk 1:06:51]} 68. Kd6 {[%clk 0:42:04]} Ke8 {[%clk 1:02:22]} 69.
Ke6 {[%clk 0:42:02]} Bg7 {[%clk 1:02:30]} 70. c5 {[%clk 0:41:56]} Bh6 {[%clk
1:02:11]} 71. c6 {[%clk 0:41:37]} Bf4 {[%clk 1:02:18]} 72. f6 {[%clk 0:40:45]}
Kd8 {[%clk 1:02:21]} 73. f7 {[%clk 0:40:33]} Bh6 {[%clk 1:01:58]} 74. c7+ {[%clk
0:40:48]} Kxc7 {[%clk 1:01:28]} 75. Ke7 {[%clk 0:41:12]} 1-0